000 00276nam a2200121Ia 4500
008 190216s9999||||xx |||||||||||||| ||und||
100 _aDasan
245 0 _aSwapna Vasavadatha
260 _bCalicut University Publications
300 _a118
650 _aNadakam
942 _cBK
999 _c27289
_d27289